[Event "Copenhagen Challenge"]
[Site "Ballerup"]
[Date "2017.05.11"]
[Round "2"]
[White "Getz, Nicolai"]
[Black "Brinck Claussen, Bjorn"]
[Result "1-0"]
[WhiteElo "2378"]
[BlackElo "2227"]
[PlyCount "109"]
[EventDate "2017.05.10"]
[EventType "swiss"]
[EventRounds "9"]
[EventCountry "DEN"]
[SourceTitle "CBM 178 Extra"]
[Source "ChessBase"]
[SourceDate "2017.06.22"]
[SourceVersion "1"]
[SourceVersionDate "2017.06.22"]
[SourceQuality "1"]

1. e4 e6 2. d4 d5 3. Nd2 c5 4. exd5 Qxd5 5. Ngf3 cxd4 6. Bc4 Qd6 7. 0-0 Nf6 8. Nb3 Nc6 9. Nbxd4 Nxd4 10. Nxd4 a6 11. a4 Bd7 12. b3 Qc7 13. Bb2 Bd6 14. h3 e5 15. Nf3 0-0 16. Re1 Rae8 17. Qd2 e4 18. Bxf6 Bf4 19. Qd4 exf3 20. Bxg7 Bh2+ 21. Kh1 fxg2+ 22. Kxg2 Rxe1 23. Rxe1 Bc6+ 24. Bd5 Bxd5+ 25. Qxd5 Kxg7 26. Qg5+ Kh8 27. Qf6+ Kg8 28. Re4 Qc6 29. Qxc6 bxc6 30. Rg4+ Kh8 31. Kxh2 Rd8 32. Rc4 Rd6 33. Kg3 Kg7 34. Rc5 Kf8 35. Kg2 Ke7 36. Ra5 Rd2 37. c4 Rb2 38. Rxa6 Rxb3 39. Rxc6 Ra3 40. h4 Rxa4 41. Kg3 Kf8 42. h5 h6 43. Kf4 Kg7 44. Rc5 Ra2 45. f3 Rh2 46. Ke4 Rh1 47. Rf5 Kf8 48. Kd5 Ke7 49. c5 Rd1+ 50. Kc6 Ke6 51. Rf4 f5 52. Ra4 Rh1 53. Kb7 Rxh5 54. c6 Rh1 55. Ra6 1-0

[Event "Copenhagen Bronshoj op"]
[Site "Copenhagen"]
[Date "2017.02.14"]
[Round "5"]
[White "Jacobsen, Mikkel Manosri"]
[Black "Brinck Claussen, Bjorn"]
[Result "0-1"]
[WhiteElo "2300"]
[BlackElo "2226"]
[PlyCount "80"]
[EventDate "2017.02.10"]
[EventType "swiss"]
[EventRounds "7"]
[EventCountry "DEN"]
[SourceTitle "CBM 176 Extra"]
[Source "ChessBase"]
[SourceDate "2017.03.02"]
[SourceVersion "1"]
[SourceVersionDate "2017.03.02"]
[SourceQuality "1"]

1. d4 Nf6 2. Nf3 e6 3. Bf4 d5 4. e3 Bd6 5. Bg3 0-0 6. Nbd2 b6 7. Bd3 Bb7 8. Ne5 c5 9. c3 Bxe5 10. dxe5 Ne4 11. Qg4 Qg5 12. Qh3 Qf5 13. Qxf5 exf5 14. Nxe4 fxe4 15. Be2 Nd7 16. 0-0-0 a6 17. Bg4 f5 18. exf6 Nxf6 19. Be6+ Kh8 20. c4 dxc4 21. Rd6 b5 22. Rhd1 Bc8 23. Bxc8 Rfxc8 24. Bh4 Ng4 25. R6d5 Rf8 26. R1d2 Nxh2 27. Be7 Rfe8 28. Re5 Ng4 29. Re6 Kg8 30. Rd7 Nxf2 31. Kc2 Ng4 32. Kd2 Nf6 33. Rb7 Rad8+ 34. Bxd8 Rxe6 35. Ke2 Nd5 36. Ba5 Rg6 37. Kf2 b4 38. Rd7 Rg5 39. Rd8+ Kf7 40. Rc8 Rf5+ 0-1

[Event "Copenhagen Bronshoj op"]
[Site "Copenhagen"]
[Date "2017.02.11"]
[Round "2"]
[White "Brinck Claussen, Bjorn"]
[Black "Andersen, Rune"]
[Result "0-1"]
[WhiteElo "2226"]
[BlackElo "2119"]
[PlyCount "78"]
[EventDate "2017.02.10"]
[EventType "swiss"]
[EventRounds "7"]
[EventCountry "DEN"]
[SourceTitle "CBM 176 Extra"]
[Source "ChessBase"]
[SourceDate "2017.03.02"]
[SourceVersion "1"]
[SourceVersionDate "2017.03.02"]
[SourceQuality "1"]

1. d4 d5 2. c4 c6 3. Nf3 Nf6 4. Nc3 e6 5. Bg5 h6 6. Bxf6 Qxf6 7. e3 Nd7 8. Bd3 g6 9. 0-0 Bg7 10. e4 dxc4 11. Bxc4 e5 12. d5 0-0 13. Qe2 Nb6 14. Nd2 Nxc4 15. Nxc4 Kh7 16. Rfd1 Qg5 17. dxc6 bxc6 18. Rd6 Bh3 19. Qf3 Be6 20. Rxc6 Rab8 21. b3 Rbc8 22. Rxc8 Rxc8 23. Qd3 Rd8 24. Qe2 Bh3 25. Ne3 Rd4 26. Qf3 Be6 27. Nb5 Rd7 28. Rc1 Qd8 29. h3 Qa5 30. Nc3 Rd3 31. Na4 Bf8 32. Rc6 Kg8 33. Rxe6 fxe6 34. Qf6 Bg7 35. Qxe6+ Kh7 36. Qf7 Rd8 37. Nd5 Rf8 38. Qb7 Qe1+ 39. Kh2 Rxf2 0-1

[Event "Copenhagen Bronshoj op"]
[Site "Copenhagen"]
[Date "2017.02.10"]
[Round "1"]
[White "Singh, Karamtej"]
[Black "Brinck Claussen, Bjorn"]
[Result "0-1"]
[WhiteElo "1877"]
[BlackElo "2226"]
[PlyCount "100"]
[EventDate "2017.02.10"]
[EventType "swiss"]
[EventRounds "7"]
[EventCountry "DEN"]
[SourceTitle "CBM 176 Extra"]
[Source "ChessBase"]
[SourceDate "2017.03.02"]
[SourceVersion "1"]
[SourceVersionDate "2017.03.02"]
[SourceQuality "1"]

1. e4 e6 2. d3 d5 3. Nd2 Nf6 4. e5 Nfd7 5. f4 c5 6. g3 f5 7. exf6 Nxf6 8. Bh3 Nc6 9. Ngf3 Bd6 10. 0-0 0-0 11. Re1 Re8 12. Ne5 Qb6 13. c3 c4+ 14. d4 Qc7 15. b3 cxb3 16. axb3 b5 17. Bb2 Qb6 18. Rc1 a5 19. Nxc6 Qxc6 20. c4 Qb7 21. c5 Bb8 22. c6 Qf7 23. Qe2 b4 24. Qg2 Ba6 25. Re3 Ra7 26. Rce1 Rae7 27. Qf3 Bb5 28. Rc1 Rc8 29. Ra1 Bc7 30. Rae1 Rce8 31. Rc1 Bb6 32. Bf1 Bxf1 33. Qxf1 Bc7 34. Rce1 Ng4 35. R3e2 Qf5 36. Qf3 Nf6 37. Kg2 Bd6 38. h3 Rc8 39. Ra1 Rxc6 40. Rxa5 Rc2 41. Nc4 Rxe2+ 42. Qxe2 Qe4+ 43. Qxe4 Nxe4 44. Nxd6 Nxd6 45. Rc5 Ne4 46. Rc2 Ra7 47. Bc1 Ra1 48. Bd2 Rb1 49. Bxb4 Rxb3 50. g4 Rxb4 0-1

[Event "Bronshoj SenSommer A"]
[Site "Bronshoj"]
[Date "2016.09.06"]
[Round "2"]
[White "Jacobsen, Mikkel Manosri"]
[Black "Brinck Claussen, Bjorn"]
[Result "1/2-1/2"]
[WhiteElo "2215"]
[BlackElo "2217"]
[PlyCount "87"]
[EventDate "2016.08.31"]
[EventType "swiss"]
[EventRounds "7"]
[EventCountry "DEN"]
[SourceTitle "EXT 2024"]
[Source "ChessBase"]
[SourceDate "2023.10.10"]
[SourceVersion "1"]
[SourceVersionDate "2023.10.10"]
[SourceQuality "1"]

1. d4 Nf6 2. c4 e6 3. Nf3 d5 4. Nc3 Bb4 5. cxd5 exd5 6. Qc2 Nbd7 7. Bg5 c5 8. a3 Bxc3+ 9. Qxc3 c4 10. Ne5 Qb6 11. Nxd7 Bxd7 12. Bxf6 Qxf6 13. g3 0-0 14. Bg2 Be6 15. 0-0 Rfd8 16. Rfd1 Rac8 17. Rd2 Bf5 18. Rc1 Qe6 19. Qa5 a6 20. Rc3 b6 21. Qxa6 Qc6 22. e4 Ra8 23. Qxa8 Qxa8 24. exf5 Qc8 25. g4 h5 26. h3 Qc7 27. Re3 hxg4 28. hxg4 Qf4 29. Bf3 b5 30. Kg2 Kf8 31. Rd1 Kg8 32. Re7 b4 33. axb4 Qd6 34. Rde1 Qf4 35. Rd1 Qd6 36. Rde1 Qf4 37. Re8+ Rxe8 38. Rxe8+ Kh7 39. Rd8 Qxd4 40. Rxd5 Qxb2 41. Be4 Qe2 42. Bf3 Qb2 43. Be4 Qe2 44. Bf3 1/2-1/2

[Event "Koge Xtracon op"]
[Site "Koge"]
[Date "2014.10.16"]
[Round "7"]
[White "Brinck Claussen, Bjorn"]
[Black "Smith, Axel"]
[Result "0-1"]
[WhiteElo "2227"]
[BlackElo "2474"]
[PlyCount "58"]
[EventDate "2014.10.11"]
[EventType "swiss"]
[EventRounds "9"]
[EventCountry "DEN"]
[SourceTitle "EXT 2015"]
[Source "ChessBase"]
[SourceDate "2014.11.20"]
[SourceVersion "1"]
[SourceVersionDate "2014.11.20"]
[SourceQuality "1"]

1. d4 Nf6 2. c4 g6 3. Nc3 d5 4. Bg5 Ne4 5. Bh4 Nxc3 6. bxc3 dxc4 7. e3 Be6 8. Nf3 Bg7 9. Qb1 Qd5 10. Nd2 c5 11. Be2 cxd4 12. Bf3 Qa5 13. Qxb7 0-0 14. Bxe7 dxc3 15. 0-0 Nd7 16. Bxf8 Rxf8 17. Ne4 Rb8 18. Qc6 Ne5 19. Qd6 Qd8 20. Qxd8+ Rxd8 21. Bd1 Nd3 22. Rb1 Nb2 23. Rc1 Bf5 24. Bf3 Nd3 25. Nxc3 Nxc1 26. Rxc1 Rd2 27. g4 Bd3 28. Bd5 Bxc3 29. Rxc3 Rd1+ 0-1

[Event "Koge Xtracon op"]
[Site "Koge"]
[Date "2014.10.15"]
[Round "6"]
[White "Brinck Claussen, Bjorn"]
[Black "Hoi, Carsten"]
[Result "1/2-1/2"]
[WhiteElo "2227"]
[BlackElo "2395"]
[PlyCount "37"]
[EventDate "2014.10.11"]
[EventType "swiss"]
[EventRounds "9"]
[EventCountry "DEN"]
[SourceTitle "EXT 2015"]
[Source "ChessBase"]
[SourceDate "2014.11.20"]
[SourceVersion "1"]
[SourceVersionDate "2014.11.20"]
[SourceQuality "1"]

1. d4 Nf6 2. c4 d6 3. Nc3 g6 4. e4 Bg7 5. Be2 0-0 6. Nf3 c5 7. 0-0 Nc6 8. d5 Na5 9. h3 e5 10. a3 b6 11. Ne1 Nd7 12. b4 Nb7 13. Nd3 f5 14. Bd2 Nf6 15. exf5 gxf5 16. f4 e4 17. Nb2 Kh8 18. Qc2 Bd7 19. Ncd1 1/2-1/2

[Event "Koge Xtracon op"]
[Site "Koge"]
[Date "2014.10.11"]
[Round "1"]
[White "Semcesen, Daniel"]
[Black "Brinck Claussen, Bjorn"]
[Result "1-0"]
[WhiteElo "2480"]
[BlackElo "2227"]
[PlyCount "49"]
[EventDate "2014.10.11"]
[EventType "swiss"]
[EventRounds "9"]
[EventCountry "DEN"]
[SourceTitle "EXT 2015"]
[Source "ChessBase"]
[SourceDate "2014.11.20"]
[SourceVersion "1"]
[SourceVersionDate "2014.11.20"]
[SourceQuality "1"]

1. d4 Nf6 2. c4 e6 3. Nc3 Bb4 4. a3 Bxc3+ 5. bxc3 c5 6. e3 0-0 7. Bd3 Nc6 8. Ne2 b6 9. e4 Ne8 10. 0-0 Ba6 11. f4 f5 12. e5 Na5 13. d5 d6 14. g4 Bxc4 15. Bxc4 Nxc4 16. dxe6 Nc7 17. gxf5 d5 18. Ng3 Qh4 19. Ra2 Rad8 20. Rg2 Kh8 21. f6 Nxe6 22. Nf5 Qh3 23. fxg7+ Nxg7 24. Nxg7 Rg8 25. Rf3 1-0

[Event "Borup Skovbo op"]
[Site "Borup"]
[Date "2014.09.06"]
[Round "3"]
[White "Madsen, Michael Ole"]
[Black "Brinck Claussen, Bjorn"]
[Result "0-1"]
[WhiteElo "2077"]
[BlackElo "2234"]
[PlyCount "84"]
[EventDate "2014.09.05"]
[EventType "swiss"]
[EventRounds "9"]
[EventCountry "DEN"]
[SourceTitle "CBM 162 Extra"]
[Source "ChessBase"]
[SourceDate "2014.10.17"]
[SourceVersion "1"]
[SourceVersionDate "2014.10.17"]
[SourceQuality "1"]

1. d4 Nf6 2. c4 e6 3. Nc3 Bb4 4. Qc2 c5 5. dxc5 0-0 6. Nf3 Na6 7. a3 Bxc3+ 8. Qxc3 Nxc5 9. e3 b6 10. Be2 Bb7 11. 0-0 d5 12. Rd1 Qe7 13. b4 Nce4 14. Qb3 dxc4 15. Bxc4 Nd6 16. Be2 Bd5 17. Qb2 Rac8 18. Bd2 Bc4 19. Be1 Bxe2 20. Qxe2 Qc7 21. Nd4 e5 22. Nb5 Nxb5 23. Qxb5 e4 24. a4 Ng4 25. g3 Ne5 26. Qd5 Nf3+ 27. Kg2 Rfe8 28. a5 Re5 29. axb6 axb6 30. Qa8 h5 31. Qa2 Qc6 32. Bd2 Qg6 33. Rac1 Rce8 34. Rc7 h4 35. Bc3 Rf5 36. Qb2 hxg3 37. hxg3 Rh5 38. Rh1 Rxh1 39. Kxh1 Qd6 40. Rc4 Qd1+ 41. Kg2 Qg1+ 42. Kh3 Qf1+ 0-1

[Event "DEN-chT 1314 52nd"]
[Site "Denmark"]
[Date "2014.01.12"]
[Round "5.7"]
[White "Brinck Claussen, Bjorn"]
[Black "Christensen, Thomas"]
[Result "1-0"]
[WhiteElo "2248"]
[BlackElo "2228"]
[PlyCount "51"]
[EventDate "2013.11.02"]
[EventType "team-tourn"]
[EventRounds "9"]
[EventCountry "DEN"]
[SourceTitle "EXT 2015"]
[Source "ChessBase"]
[SourceDate "2014.11.20"]
[SourceVersion "1"]
[SourceVersionDate "2014.11.20"]
[SourceQuality "1"]
[WhiteTeam "Valby K41"]
[BlackTeam "Copenhagen 68"]
[WhiteTeamCountry "DEN"]
[BlackTeamCountry "DEN"]

1. e4 c5 2. Nf3 d6 3. d4 cxd4 4. Nxd4 Nf6 5. Nc3 a6 6. Bc4 e6 7. a3 Be7 8. 0-0 Qc7 9. Ba2 Nc6 10. Be3 Bd7 11. Kh1 Na5 12. Qe2 Rc8 13. Rad1 Nc4 14. Bc1 b5 15. f4 Qc5 16. Rd3 a5 17. b4 axb4 18. axb4 Qxb4 19. e5 dxe5 20. fxe5 Nxe5 21. Qxe5 Rxc3 22. Nxe6 Rxd3 23. Qb8+ Bc8 24. cxd3 Qc3 25. Bd2 Qc6 26. Rc1 1-0

[Event "DEN-chT 1314 52nd"]
[Site "Denmark"]
[Date "2014.01.11"]
[Round "4.7"]
[White "Jakobsen, Peter"]
[Black "Brinck Claussen, Bjorn"]
[Result "1-0"]
[WhiteElo "2214"]
[BlackElo "2248"]
[PlyCount "77"]
[EventDate "2013.11.02"]
[EventType "team-tourn"]
[EventRounds "9"]
[EventCountry "DEN"]
[SourceTitle "EXT 2015"]
[Source "ChessBase"]
[SourceDate "2014.11.20"]
[SourceVersion "1"]
[SourceVersionDate "2014.11.20"]
[SourceQuality "1"]
[WhiteTeam "Nordkalotten"]
[BlackTeam "Valby K41"]
[WhiteTeamCountry "DEN"]
[BlackTeamCountry "DEN"]

1. d4 d5 2. c4 c6 3. Nf3 Nf6 4. Nc3 e6 5. e3 Nbd7 6. Bd3 dxc4 7. Bxc4 b5 8. Bd3 a6 9. e4 c5 10. e5 cxd4 11. Nxb5 axb5 12. exf6 gxf6 13. 0-0 Qb6 14. Qe2 Bb7 15. Bf4 Bd6 16. Bg3 Bxg3 17. hxg3 0-0 18. Bxb5 Rfd8 19. Rfd1 Bxf3 20. gxf3 Ne5 21. Bd3 Nxd3 22. Rxd3 Ra5 23. Qd2 Kg7 24. Kg2 Rg5 25. Rh1 e5 26. Qc2 h6 27. Rb3 Qe6 28. a4 f5 29. Re1 f4 30. a5 Rh5 31. g4 Rg5 32. Rb6 Qd5 33. Qc6 Rxg4+ 34. Kf1 Rg6 35. Qxd5 Rxd5 36. Rxg6+ fxg6 37. Ra1 d3 38. Ke1 e4 39. fxe4 1-0

[Event "Wch Seniors 23rd"]
[Site "Opatija"]
[Date "2013.11.19"]
[Round "7"]
[White "Brinck Claussen, Bjorn"]
[Black "Grabow, Pouelsten Holm"]
[Result "1/2-1/2"]
[WhiteElo "2248"]
[BlackElo "2157"]
[PlyCount "23"]
[EventDate "2013.11.12"]
[EventType "swiss"]
[EventRounds "11"]
[EventCountry "CRO"]
[SourceTitle "CBM 157 Extra"]
[Source "ChessBase"]
[SourceDate "2013.12.19"]
[SourceVersion "1"]
[SourceVersionDate "2013.12.19"]
[SourceQuality "1"]

1. d4 d5 2. c4 e6 3. Nc3 Be7 4. Nf3 Nf6 5. cxd5 exd5 6. Bg5 c6 7. Qc2 Nbd7 8. e3 Nf8 9. Bd3 g6 10. 0-0 Ne6 11. Bh4 0-0 12. Rab1 1/2-1/2

[Event "Wch Seniors 23rd"]
[Site "Opatija"]
[Date "2013.11.12"]
[Round "1"]
[White "Brinck Claussen, Bjorn"]
[Black "Green, Per"]
[Result "1-0"]
[WhiteElo "2248"]
[BlackElo "1990"]
[PlyCount "61"]
[EventDate "2013.11.12"]
[EventType "swiss"]
[EventRounds "11"]
[EventCountry "CRO"]
[SourceTitle "CBM 157 Extra"]
[Source "ChessBase"]
[SourceDate "2013.12.19"]
[SourceVersion "1"]
[SourceVersionDate "2013.12.19"]
[SourceQuality "1"]

1. d4 Nf6 2. c4 e6 3. Nc3 Bb4 4. e3 0-0 5. Bd3 d5 6. Nf3 c5 7. 0-0 dxc4 8. Bxc4 Nbd7 9. Qe2 b6 10. a3 cxd4 11. axb4 dxc3 12. bxc3 Qc7 13. Bb2 Bb7 14. Ba6 Be4 15. Nd2 Bg6 16. c4 Rfd8 17. Rfc1 e5 18. e4 Nb8 19. Bb5 Qd6 20. c5 bxc5 21. Nc4 Qe6 22. bxc5 Bxe4 23. Nxe5 a6 24. c6 Rc8 25. Nd7 Nxc6 26. Nc5 Qf5 27. Nxe4 axb5 28. Nxf6+ gxf6 29. Rxa8 Rxa8 30. Rxc6 Ra2 31. Rc2 1-0

[Event "DEN-chT 1314 52nd"]
[Site "Denmark"]
[Date "2013.11.03"]
[Round "2.8"]
[White "Brinck Claussen, Bjorn"]
[Black "Seegert, Kristian"]
[Result "1/2-1/2"]
[WhiteElo "2248"]
[BlackElo "2154"]
[PlyCount "75"]
[EventDate "2013.11.02"]
[EventType "team-tourn"]
[EventRounds "9"]
[EventCountry "DEN"]
[SourceTitle "EXT 2015"]
[Source "ChessBase"]
[SourceDate "2014.11.20"]
[SourceVersion "1"]
[SourceVersionDate "2014.11.20"]
[SourceQuality "1"]
[WhiteTeam "Valby K41"]
[BlackTeam "Nordea"]
[WhiteTeamCountry "DEN"]
[BlackTeamCountry "DEN"]

1. d4 f5 2. g3 Nf6 3. Bg2 g6 4. c4 Bg7 5. Nc3 d6 6. Nf3 0-0 7. 0-0 Qe8 8. d5 Na6 9. Nd4 Bd7 10. Rb1 c6 11. b3 Nc5 12. b4 Nce4 13. Nxe4 Nxe4 14. Bb2 c5 15. Bxe4 fxe4 16. Ne6 Bxe6 17. Bxg7 Kxg7 18. dxe6 Qc6 19. b5 Qc8 20. Qd5 Rf6 21. Qxe4 Rxe6 22. Qd3 Rf6 23. f4 Qd7 24. e4 Rf7 25. Rbe1 a6 26. a4 axb5 27. axb5 e6 28. Rd1 Rd8 29. Qc3+ Kg8 30. Rd2 Qe8 31. Rfd1 Rfd7 32. Rd3 Qe7 33. h4 Qg7 34. Qd2 e5 35. Rf3 exf4 36. Qd5+ Qf7 37. gxf4 Qxd5 38. Rxd5 1/2-1/2